<?xml version="1.0" encoding="UTF-8"?>
<record
    xmlns:xsi="http://www.w3.org/2001/XMLSchema-instance"
    xsi:schemaLocation="http://www.loc.gov/MARC21/slim http://www.loc.gov/standards/marcxml/schema/MARC21slim.xsd"
    xmlns="http://www.loc.gov/MARC21/slim">

  <leader>02376cam a2200277 a 4500</leader>
  <datafield tag="020" ind1=" " ind2=" ">
    <subfield code="a">9780520249134 (hdbk. : alk. paper)</subfield>
  </datafield>
  <datafield tag="020" ind1=" " ind2=" ">
    <subfield code="a">0520249135 (hdbk. : alk. paper)</subfield>
  </datafield>
  <datafield tag="020" ind1=" " ind2=" ">
    <subfield code="a">9780520249141 (pbk. : alk. paper)</subfield>
  </datafield>
  <datafield tag="020" ind1=" " ind2=" ">
    <subfield code="a">0520249143 (pbk. : alk. paper)</subfield>
  </datafield>
  <datafield tag="041" ind1=" " ind2=" ">
    <subfield code="a">ENG</subfield>
  </datafield>
  <datafield tag="082" ind1="0" ind2="0">
    <subfield code="a">294.5</subfield>
    <subfield code="b">HAW</subfield>
  </datafield>
  <datafield tag="100" ind1=" " ind2=" ">
    <subfield code="a">Hawley , John Stratton</subfield>
  </datafield>
  <datafield tag="245" ind1="0" ind2="4">
    <subfield code="a">The life of Hinduism </subfield>
  </datafield>
  <datafield tag="260" ind1=" " ind2=" ">
    <subfield code="a">Berkeley :</subfield>
    <subfield code="b">University of California Press,</subfield>
    <subfield code="c">c2006.</subfield>
  </datafield>
  <datafield tag="300" ind1=" " ind2=" ">
    <subfield code="a">xiii, 324 p. :</subfield>
    <subfield code="b">ill. ;</subfield>
  </datafield>
  <datafield tag="505" ind1="0" ind2=" ">
    <subfield code="a">The experience : approaching God / Stephen P. Huyler -- The Deity : the image of God / Diana L. Eck -- The miraculous : the birth of a shrine / Shrivatsa Goswami and Margaret H. Case -- Marriage : women in India / Doranne Jacobson -- Death beyond death : the ochre robe / Agehananda Bharati -- Divali : the festival of lights / Om Lata Bahadur -- Holi : the feast of love / McKim Marriott -- An open-air Ramayana : Ramlila, the audience experience / Linda Hess -- A Ramayana on air : "all in the (Raghu) family" : a video epic in cultural context / Philip Lutgendorf -- Possession by Durga : the Mother who possesses / Kathleen M. Erndl -- Anandamayi Ma : God came as a woman / Lisa Lassell Hallstrom -- Radhasoami : the healing offer / Sudhir Kakar -- A dalit poet-saint : Ravidas / John Stratton Hawley, with Mark Juergensmeyer -- A Brahmin woman : revenge herself / Lalitambika Antarjanam -- Hinduism in Pittsburgh : creating the South Indian "Hindu" experience in the United States / Vasudha Narayanan -- A diasporic Hindu creed : some basic features of Hinduism / Sitansu S. Chakravarti -- Militant Hinduism : Ayodhya and the momentum of Hindu nationalism / John Stratton Hawley -- Tolerant Hinduism : shared ritual spaces : Hindus and Muslims at the Shrine of Shahul Hamid / Vasudha Narayanan -- Hinduism for Hindus : taking back Hindu studies / Shrinivas Tilak -- Hinduism with others : interlogue / Laurie L. Patton and Chakravarthi Ram-Prasad, with Kala Acharya.</subfield>
  </datafield>
  <datafield tag="650" ind1=" " ind2="0">
    <subfield code="a">Religious life</subfield>
  </datafield>
  <datafield tag="650" ind1=" " ind2="0">
    <subfield code="a">Hinduism</subfield>
  </datafield>
  <datafield tag="650" ind1=" " ind2="0">
    <subfield code="a">Hinduism</subfield>
  </datafield>
  <datafield tag="700" ind1="1" ind2=" ">
    <subfield code="a">Hawley, John Stratton,</subfield>
  </datafield>
  <datafield tag="700" ind1="1" ind2=" ">
    <subfield code="a">Narayanan, Vasudha.</subfield>
  </datafield>
  <datafield tag="856" ind1="4" ind2="1">
    <subfield code="u">http://www.loc.gov/catdir/toc/ecip0618/2006024692.html</subfield>
  </datafield>
  <datafield tag="856" ind1="4" ind2="2">
    <subfield code="u">http://www.loc.gov/catdir/enhancements/fy0702/2006024692-d.html</subfield>
  </datafield>
  <datafield tag="856" ind1="4" ind2="2">
    <subfield code="u">http://www.loc.gov/catdir/enhancements/fy0735/2006024692-b.html</subfield>
  </datafield>
  <datafield tag="942" ind1=" " ind2=" ">
    <subfield code="c">BK</subfield>
  </datafield>
  <datafield tag="952" ind1=" " ind2=" ">
    <subfield code="0">0</subfield>
    <subfield code="1">0</subfield>
    <subfield code="4">0</subfield>
    <subfield code="7">0</subfield>
    <subfield code="a">HMI</subfield>
    <subfield code="b">HMI</subfield>
    <subfield code="c">GEN</subfield>
    <subfield code="d">2019-10-17</subfield>
    <subfield code="l">0</subfield>
    <subfield code="o">294.5 HAW</subfield>
    <subfield code="p">25644</subfield>
    <subfield code="r">2019-10-17</subfield>
    <subfield code="w">2019-10-17</subfield>
    <subfield code="y">BK</subfield>
  </datafield>
  <datafield tag="999" ind1=" " ind2=" ">
    <subfield code="c">22758</subfield>
    <subfield code="d">22758</subfield>
  </datafield>
</record>
